| 000 | 02080nam0a2200409 4500 | ||
|---|---|---|---|
| 001 | RU\NLR\bibl\1744787 | ||
| 005 | 20260406091943.0 | ||
| 010 |
_a978-5-904946-07-4 _92000 |
||
| 021 |
_aRU _b2011-9081 _9644 |
||
| 035 | _a(NLR Aleph) 001735688 | ||
| 035 | _a(nilc)RSL-KNO-004892404 | ||
| 090 |
_a1427533 _c1427533 |
||
| 100 | _a20110214d2011 |||y0rusy50 ca | ||
| 101 | 1 |
_arus _ceng |
|
| 102 | _aRU | ||
| 105 | _ay ||||||||| | ||
| 200 | 1 |
_aНевидимая горилла, или История о том, как обманчива наша интуиция _e[перевод с английского] _fКристофер Шабри, Даниэл Саймонс |
|
| 210 |
_aМосква _cКарьера пресс _d2011 |
||
| 215 |
_a372 с. _d24 |
||
| 225 | 1 | _aВыдающиеся достижения в психологии | |
| 300 | _aБиблиогр. в примеч.: с. 313-372 | ||
| 300 | _aЗагл. и авт. ориг.: The invisible gorilla and other ways our intuitions deseive us / Christopher Chabris and Daniel Simons | ||
| 300 | _aНа 3-й с. суперобл. авт.: Кристофер Шабри - проф. Union Colledge в Нью-Йорке и Даниэль Саймонс - проф. Иллинойс. ун-та | ||
| 454 | 0 |
_12001#$aThe invisible gorilla and other ways our intuitions deseive us$fChristopher Chabris and Daniel Simons _1700#1$aChabris$bC.$gChristopher$4070 _1701#1$aSimons$bD.$gDaniel$4070 _tThe invisible gorilla and other ways our intuitions deseive us _aChabris, Christopher |
|
| 606 | 1 |
_aЧеловек _xПсихология восприятия _91341964 _3RU\NLR\auth\66244536 |
|
| 686 |
_aЮ935.131-232,0 _2rubbk |
||
| 686 | _aЮ935.113 | ||
| 700 | 1 |
_aШабри _bК. _gКристофер _4070 |
|
| 701 | 1 |
_4070 _7ca _8rus _aСаймонс _bД. _f1969- _gДаниэл _3RU\NLR\AUTH\770282587 _92671721 |
|
| 801 | 0 |
_aRU _bRuMoRKP _c20110214 _grcr |
|
| 801 | 1 |
_aRU _bRuMoRGB _c20110214 |
|
| 801 | 2 |
_aRU _bNLR _c20110310 _grcr |
|
| 942 | _cBOOK | ||
| 980 | _aNB | ||
| 980 | _aNBR | ||